Preußen und die Hanse
| Titel: | Preußen und die Hanse |
|---|---|
| Verfasser: | |
| In: |
Die Hanse, (1999), Seite 133-137 alle Artikel anzeigen |
| Veröffentlicht: | 1999 |
| Format: | Aufsatz |
| Sprache: | Deutsch |
X
alg: 39229422 001A $01999:11-11-16 001B $01999:29-03-21 $t21:49:15.000 001D $01999:11-11-16 001U $0utf8 001X $00 002@ $0Aox 003@ $0392294222 007A $0392294222 $aHEB 007T $0Herd81307 010@ $ager 011@ $a1999 021A $aPreußen und die Hanse 028A $710107977X $8Arnold, Udo$Z1940- [Tp1] $9135296307 031A $h133-137 $j1999 037A $aVerbindet die Darstellung der Hanse-Geschichte mit den Konflikten zwischen Preußen und Polen-Litauen 037A $aŁączy opis historii Hanzy z konfliktami między Prusami a Polską i Litwą039B $aIn $8--Aaxaf--. Die @Hanse. - 3. Auflage. - Lübeck : Schmidt-Römhild, 1999. - 900 Seiten. - Illustrationen, Diagramme, Karten. - ISBN 3-7950-1232-5 $x199900000000000867 $9061546097 045F $a900.947930902 $eDDC23BSB 045F/01 $a900 045F/03 $f0902 045F/03 $g4793 045F/03 $g438 045F/03 $g4382 045F/03 $g43832 lok: 39229422 78 exp: 39229422 78 1 #EPN 201B/01 $020-12-17 $t22:59:08.000 201U/01 $0utf8 203@/01 $0788390775 208@/01 $a11-11-16 $be 209A/01 $a/ $f000 $x00 220C/01 $aTitelaufnehmer: cs 244Z/01 $2Trx $#Prusy Wschodnie i Zachodnie $8--Trx--Ost- und Westpreußen $x01 $939113373X 244Z/01 $2Trx $#Poola $#Lenkija $#Polija $#Polen Land $#Poland $#Lengyelország $#Poľsko $#Polsko $8--Trx--Polska$gkraj $x02 $9391345966 244Z/01 $2Trx $#Litauen $#Lithuania $#Litwa $#Litva $#Litva $8--Trx--Lietuva $x03 $9391193457 244Z/01 $#Danzig $#Ville Libre de Danzig $#Dantzig $#Ville Libre de Dantzig $#Freistaat Danzig $#Gdańsk $#Freie Stadt Danzig $#Urząd Miejski w Gdańsku $#Gyddanzyc $#Gedanum $#Dantiscum $74011039-4 $8--Tg1--Danzig $x04 $9085022225 244Z/01 $#Thorun $#Torunė $#Thorn $72024611-0 $8--Tg1--Toruń $x05 $9042779502 244Z/01 $#Elbing $#Elbing Elbląg $71028071-6 $8--Tg1--Elbląg $x06 $9042042631 244Z/01 $aGeschichte 1410-1525 $x07 244Z/01 $2Trx $#ordud Saksa Ordu $#ordinas kryžiuočių $#order Teutonic Knights $#rendek Német Lovagrend $#zakony, krzyżacy $#rád, nemeckí rytieri $#řád, němečtí rytíři $#Deutscher Orden $#Ritterorden $#zakon krzyżacki $#zakon niemiecki $#nemeckí rytieri $8--Trx--Orden$gDeutscher Orden $x08 $9391363204 244Z/01 $2Trx $#hansaliit $#Hanza $#Hanseatic League $#Hanza-Szövetség $#Hanza $#hanza $#hanza $8--Trx--Hanse $x09 $9391375512 244Z/01 $2Trx $8--Trx--Einzelbeiträge $x10 $9391384570 245Z/01 $a06.02 $x01 247C/01 $82080>Marburg/Lahn, Herder-Institut, Forschungsbibliothek, Bibliographieportal $9336309341
| LEADER | 00000caa a22000002c 4500 | ||
|---|---|---|---|
| 001 | 392294222 | ||
| 003 | DE-603 | ||
| 005 | 20210329214915.0 | ||
| 007 | tu | ||
| 008 | 161111s1999 xx |||| | u00||u|ger c | ||
| 035 | |a (DE-599)HEB392294222 | ||
| 040 | |a DE-603 |b ger |c DE-603 |d DE-603 | ||
| 041 | |a ger | ||
| 082 | 0 | 4 | |8 1\u |a 900.947930902 |q DE-101 |2 23/BSB |
| 085 | |8 1\u |b 900 | ||
| 085 | |8 1\u |z 1 |s 0902 | ||
| 085 | |8 1\u |z 2 |s 4793 | ||
| 085 | |8 1\u |z 2 |s 438 | ||
| 085 | |8 1\u |z 2 |s 4382 | ||
| 085 | |8 1\u |z 2 |s 43832 | ||
| 100 | 1 | |a Arnold, Udo |d 1940- |0 (DE-603)135296307 |0 (DE-588)10107977X |2 gnd | |
| 245 | 0 | 0 | |a Preußen und die Hanse |
| 264 | 0 | |c 1999 | |
| 500 | |a Verbindet die Darstellung der Hanse-Geschichte mit den Konflikten zwischen Preußen und Polen-Litauen | ||
| 500 | |a Łączy opis historii Hanzy z konfliktami między Prusami a Polską i Litwą <pol> | ||
| 773 | 0 | 8 | |i In |t Die Hanse |b 3. Auflage |d Lübeck : Schmidt-Römhild, 1999 |h 900 Seiten, Illustrationen, Diagramme, Karten |z 3795012325 |g (1999), Seite 133-137 |w (DE-603)061546097 |
| 924 | 0 | |9 2080 |a (DE-603)788390775 |b DE-2080 |c HES |d d |g / | |


